| 000 | 00755nam a22002177a 4500 | ||
|---|---|---|---|
| 999 |
_c12720 _d12720 |
||
| 003 | AR-CdUCM | ||
| 008 | 190410b ||||| |||| 00| 0 spa d | ||
| 040 |
_aMUNICIPALIDAD PROVINCIAL DEL CUSCO _cBIBLIOTECA MUNICIPAL DEL CUSCO |
||
| 082 |
_aEP / 510 / _bR63 |
||
| 100 |
_aRios Mencia, Jesus _97616 |
||
| 245 | _aManual para el aprendizaje y el uso de la yupana ancestral Yupana Inka / | ||
| 260 |
_aPantipata : _bPanaka Sansa, _c2012. |
||
| 300 |
_a32 paginas ; _bIlustraciones, Graficos, Dibujos, _c29 cm. |
||
| 500 | _aTexto educativo para niƱos | ||
| 650 |
_aMatematica _920026 |
||
| 650 |
_aYupana _930731 |
||
| 650 |
_aCuaderno de trabajo _911620 |
||
| 700 |
_ahumeres Chacma, Hilario _930732 |
||
| 942 |
_2ddc _cLIBROS |
||
| 945 |
_apjha _d2019-04-10 |
||